000 01202cab a2200373 4500
001 ABS48414
008 090401t1993 xxu||||| |||| 00| 0 eng d
035 _a(Sirsi) u66572
041 _aeng
100 _aKynoch, R.
245 _aSelling London
260 _c1993
350 _a0
490 _aCSW - The Property Week
_v43(3) 15 April 1993, 16-19(4)
520 _aProfiles the agencies involved in promoting London as a prominent business centre including London First, London Forum, First Stop Shop, London Enterprise Agency and London Chamber of Commerce and Industry.
650 _aARCHITECTURAL FOUNDATION
650 _aASSOCIATION OF LONDON AUTHORITIES
650 _aASSOCIATION OF LONDON BOROUGHS
650 _aDTI SMALL IFRMS DEPARTMENT
650 _aFINANCIAL CENTRES
650 _aFIRST STOP SHOP
650 _aINVEST IN BRITAIN BUREAU
650 _aLONDON CHAMBER OF COMMERCE
650 _aLONDON ENTERPRISE AGENCY
650 _aLONDON FIRST
650 _aLONDON FORUM
650 _aLONDON RETAILERS ASSOCIAITON
650 _aLONDON
650 _aMARKETING
650 _aPROMOTION
690 _aECONOMIC AND SOCIAL
942 _n0
948 _c04/03/1997
999 _c41589
_d41589